000 00443nam a2200157Ia 4500
008 160316s2010 xxu||||| |||| 00| 0 eng d
082 _a372.000000
_bCOM
100 _a
245 _aChildren's university: Introductory handbook, 2010
250 _a
260 _aGujaraj
_bCommissionerate of Highter Education, GOG
_c2010
300 _a120
_b
_c
365 _b
650 _a1. Research-education-training-extension services
700 _a
_a
999 _c36699
_d36699